| 000 | 00799nam a2200229 i 4500 | ||
|---|---|---|---|
| 001 | 57096 | ||
| 003 | ES-MaACL | ||
| 005 | 20251007170432.0 | ||
| 007 | t| | ||
| 008 | 031015s1964 sp ||||1| spa d | ||
| 245 | 0 | 0 |
_aDiscursos conciliares / _ceditados por Y. Congar, H. Küng, D. O'Hanlon. |
| 260 |
_a[Madrid : _bCristiandad : _bEd. Castilla], _c1964. |
||
| 300 |
_a291 p. ; _c19 cm. |
||
| 490 | 1 |
_aLibros del monograma. Colección Cristianismo y hombre actual ; _v63 |
|
| 611 | 0 | 4 |
_aConcilio Vaticano ( _n2º. _d1962-1965) _9122 |
| 700 | 1 |
_aCongar, Yves, _d1904-1995 _940170 |
|
| 700 | 1 |
_aKüng, Hans, _d1928- _968961 |
|
| 700 | 1 |
_aO'Hanlon, Daniel. _986330 |
|
| 830 | 0 | 4 |
_aLos libros del monograma _v63 _9183512 |
| 852 |
_aES-MaACL _jC-26900 _bR.55035 |
||
| 999 |
_c57096 _d57096 |
||